Mandell, Douglas y Bennett. Enfermedades Infecciosas. Principios y Práctica. (Registro nro. 1079)

Detalles MARC
000 -LEADER
fixed length control field 01910nam a2200457 a 4500
005 - FECHA ULTIMA MODIFICACION
control field 20241115084031.0
008 - CAMPO DE CONTROL (LIBRO)
fixed length control field 100312s2012||||sp a f |||| 001 0 spa d
020 ## - INTERNATIONAL STANDARD BOOK NUMBER
ISBN 9788480868839
041 ## - CODIGO DE IDIOMA
Código de idioma del texto/pista de sonido o título separado spa
092 ## - SIGNATURA TOPOGRAFICA DEWEY LOCAL
número de clasificación 616.9
libristica 51
sección MAN
100 1# - ENTRADA PRINCIPAL--NOMBRE PERSONAL
Nombre personal Mandell, Gerald L.
9 (RLIN) 519
245 ## - TITULO PROPIAMENTE DICHO
Título Mandell, Douglas y Bennett. Enfermedades Infecciosas. Principios y Práctica.
Subtítulo y Título paralelo T.1 /
Mención de responsabilidad y remanente de la transcripción de la portada Gerald L. Mandell
250 ## - MENCION DE EDICION
Mención de edición 7a ed. versión en español de la 7a ed. de la obra original en inglés
260 ## - PIE DE IMPRENTA
Lugar de publicación, distribución, etc Barcelona:
Nombre de la editorial, distribuidor, etc Elsevier ; Churchill Livingstone;
Fecha de publicación 2012.
300 ## - DESCRIPCION FISICA
Extension 1-1916 p.
500 ## - NOTA GENERAL
Nota general Mandell, G. L., Bennett, J. E. y Dolin, R. (2012). Mandell, Douglas y Bennett. Enfermedades infecciosas. Principios y prácticas. T.1 (7a ed.). Barcelona : Elsevier ; Churchill Livingstone.
653 ## - TÉRMINO INDIZADO - PALABRAS CLAVES
Palabra clave Factores de virulencia microbiana
653 ## - TÉRMINO INDIZADO - PALABRAS CLAVES
Palabra clave Mecanismos de defensa del huésped
653 ## - TÉRMINO INDIZADO - PALABRAS CLAVES
Palabra clave Epidemiología de las enfermedades infecciosas
653 ## - TÉRMINO INDIZADO - PALABRAS CLAVES
Palabra clave Microbiología clínica
653 ## - TÉRMINO INDIZADO - PALABRAS CLAVES
Palabra clave Tratamiento antiinfeccioso
653 ## - TÉRMINO INDIZADO - PALABRAS CLAVES
Palabra clave Fiebre
653 ## - TÉRMINO INDIZADO - PALABRAS CLAVES
Palabra clave Infecciones de las vías respiratorias superiores
653 ## - TÉRMINO INDIZADO - PALABRAS CLAVES
Palabra clave Infecciones pleuropulmonares y bronquiales
653 ## - TÉRMINO INDIZADO - PALABRAS CLAVES
Palabra clave Infección del tracto urinario
653 ## - TÉRMINO INDIZADO - PALABRAS CLAVES
Palabra clave Sepsis
653 ## - TÉRMINO INDIZADO - PALABRAS CLAVES
Palabra clave Infecciones intraabdominales
653 ## - TÉRMINO INDIZADO - PALABRAS CLAVES
Palabra clave Infecciones cardiovasculares
653 ## - TÉRMINO INDIZADO - PALABRAS CLAVES
Palabra clave Infecciones del sistema nervioso central
653 ## - TÉRMINO INDIZADO - PALABRAS CLAVES
Palabra clave Infecciones cutáneas y de los tejidos blandos
653 ## - TÉRMINO INDIZADO - PALABRAS CLAVES
Palabra clave Infecciones gastrointestinales e intoxicaciones alimentarias
653 ## - TÉRMINO INDIZADO - PALABRAS CLAVES
Palabra clave Infecciones osteoarticulares
653 ## - TÉRMINO INDIZADO - PALABRAS CLAVES
Palabra clave Enfermedades de los órganos de la reproducción y enfermedades de transmisión sexual
653 ## - TÉRMINO INDIZADO - PALABRAS CLAVES
Palabra clave Infecciones oculares
653 ## - TÉRMINO INDIZADO - PALABRAS CLAVES
Palabra clave Hepatitis
653 ## - TÉRMINO INDIZADO - PALABRAS CLAVES
Palabra clave Síndrome de Inmunodeficiencia Adquirida
700 1# - ENTRADAS SECUNDARIAS - NOMBRE PERSONAL
Nombre personal Bennett, John E.
9 (RLIN) 520
700 1# - ENTRADAS SECUNDARIAS - NOMBRE PERSONAL
Nombre personal Dolin, Raphael .
9 (RLIN) 521
930 ## - NUMERO DE INVENTARIO
Número de inventario 2569
942 ## - ADDED ENTRY ELEMENTS (KOHA)
Source of classification or shelving scheme Dewey Decimal Classification
Item type Libros
Existencias
Estado de retiro Existencia Fuente de clasificación Estado general No para prestamo Ubicación permanente ubicación actual Sala de ubicación Fecha de adquisición Total Checkouts Total Renewals Número de clasificación Código de barras Checked out Date last seen Date last borrowed Número de ejemplar Price effective from Koha tipo de elemento (item) Public note Fuente de adquisición Coded location qualifier
    Dewey Decimal Classification     Biblioteca Medicina Biblioteca Medicina Referencia 02/08/2012 1 10 616.9 51 MAN 2569 01/03/2029 06/11/2014 03/09/2012 Ej. 3 02/08/2012 Libros LIBRO DE CATEDRA. Compra PROMED, Julio 2012    
    Dewey Decimal Classification     Biblioteca Medicina Biblioteca Medicina Circulación 08/02/2018 6   616.9 51 MAN 4059   16/10/2024 09/10/2024 Ej. 5 08/02/2018 Libros Donación Dr. Fontenla, Miguel. Noviembre 2017. Sede Tordos. Donación Dr. Fontela, Miguel. Noviembre 2017  

UNIVERSIDAD NACIONAL DEL COMAHUE
Biblioteca de la Facultad de Ciencias Médicas
Sede Toschi: Los Arrayanes y Av. Toschi, Cipolletti  - Rio Negro
Sede Los Tordos:  Yrigoyen al 2211, Cipolletti - Rio Negro 

Teléfono: 0299 - 4774707 int 25
Contacto: biblioteca@facimed.uncoma.edu.ar
© 2011 - 2026